[Event "Titled Tue 26th Aug Late"]
[Site "chess.com INT"]
[Date "2025.08.26"]
[Round "1"]
[White "Zouaghi, Amir"]
[Black "Popov, Konstantin"]
[Result "0-1"]
[WhiteTitle "FM"]
[BlackTitle "IM"]
[WhiteElo "2301"]
[BlackElo "2397"]
[WhiteFideId "249262"]
[BlackFideId "34137910"]
[EventDate "2025.08.26"]

1. d4 Nf6 2. Nf3 d6 3. g3 g6 4. Bg2 Bg7 5. b3 O-O 6. Bb2 Nbd7 7. O-O a5 8. a3
Re8 9. c4 e5 10. dxe5 dxe5 11. Nxe5 Ng4 12. Nd3 Bxb2 13. Nxb2 Qf6 14. Ra2 Nc5
15. Nd3 Nxd3 16. exd3 c6 17. Nc3 Qxc3 0-1

[Event "Titled Tue 26th Aug Late"]
[Site "chess.com INT"]
[Date "2025.08.26"]
[Round "1"]
[White "Lai, Duc Minh"]
[Black "Hariharan, Shambavi"]
[Result "1-0"]
[BlackTitle "WCM"]
[WhiteElo "2121"]
[BlackElo "2069"]
[WhiteFideId "12420387"]
[BlackFideId "488160"]
[EventDate "2025.08.26"]

1. e4 e5 2. Nf3 Nc6 3. d4 exd4 4. Nxd4 Bc5 5. Nb3 Bb6 6. Nc3 Nf6 7. Qe2 d6 8.
Be3 Be6 9. O-O-O Qe7 10. h3 Bxb3 11. axb3 Nxe4 12. Nd5 Qe6 13. Bxb6 1-0

[Event "Titled Tue 26th Aug Late"]
[Site "chess.com INT"]
[Date "2025.08.26"]
[Round "1"]
[White "Tsvetkov, Andrey"]
[Black "Gavilan Diaz, Mario"]
[Result "1-0"]
[WhiteTitle "IM"]
[BlackTitle "FM"]
[WhiteElo "2403"]
[BlackElo "2195"]
[WhiteFideId "34139360"]
[BlackFideId "2260905"]
[EventDate "2025.08.26"]

1. d4 Nf6 2. c4 e6 3. Nc3 Bb4 4. e3 O-O 5. Bd3 c5 6. Ne2 d5 7. cxd5 cxd4 8. exd4
Nxd5 9. O-O Nc6 10. a3 Be7 11. Be4 b6 12. Qc2 Bb7 13. Nxd5 exd5 14. Bxh7+ Kh8
15. Bd3 Rc8 16. Qd1 Bf6 17. Be3 Na5 18. Nf4 Nc4 19. Qh5+ Kg8 20. Qh7# 1-0

[Event "Titled Tue 26th Aug Late"]
[Site "chess.com INT"]
[Date "2025.08.26"]
[Round "1"]
[White "Vasynda, Oleksandr"]
[Black "Oluka Robert Mcligeyo"]
[Result "1-0"]
[WhiteTitle "FM"]
[BlackTitle "CM"]
[WhiteElo "2209"]
[BlackElo "2081"]
[WhiteFideId "14176297"]
[BlackFideId "10814647"]
[EventDate "2025.08.26"]

1. Nc3 d5 2. e4 dxe4 3. Nxe4 Nf6 4. Nxf6+ exf6 5. d4 Bd6 6. Bd3 O-O 7. Ne2 Re8
8. O-O Nd7 9. Bf4 Nf8 10. c3 Bg4 11. f3 Bh5 12. Bxd6 Qxd6 13. Qd2 Bg6 14. Rfe1
Rad8 15. Bxg6 Nxg6 16. Ng3 c5 17. Rxe8+ Rxe8 18. Re1 Rxe1+ 19. Qxe1 cxd4 20.
Qe8+ Nf8 21. Nf5 1-0

[Event "Titled Tue 26th Aug Late"]
[Site "chess.com INT"]
[Date "2025.08.26"]
[Round "1"]
[White "Li, Yilin"]
[Black "Erdogan, Anil Berk"]
[Result "0-1"]
[WhiteTitle "WFM"]
[BlackTitle "CM"]
[WhiteElo "1921"]
[BlackElo "2091"]
[WhiteFideId "8610410"]
[BlackFideId "6348173"]
[EventDate "2025.08.26"]

1. e4 c5 2. Nf3 g6 3. c3 Bg7 4. d4 cxd4 5. cxd4 d5 6. e5 Bg4 7. Be2 e6 8. Nc3
Ne7 9. Bg5 h6 10. Bh4 O-O 11. h3 Bxf3 12. Bxf3 Nbc6 13. O-O Qb6 14. Bxe7 Nxe7
15. Qd3 Rfc8 16. Nb5 Rc6 17. Nd6 Nc8 18. Nxc8 Raxc8 19. b3 Rc3 20. Qd2 Rc2 21.
Qd1 Qb4 22. Re1 Rd2 23. Qb1 Qxd4 24. Rd1 Qxf2+ 25. Kh1 Bxe5 0-1

[Event "Titled Tue 26th Aug Late"]
[Site "chess.com INT"]
[Date "2025.08.26"]
[Round "1"]
[White "Itkis, Boris"]
[Black "Vlassov, Nikolai"]
[Result "0-1"]
[WhiteTitle "IM"]
[BlackTitle "IM"]
[WhiteElo "2250"]
[BlackElo "2301"]
[WhiteFideId "1209167"]
[BlackFideId "4103360"]
[EventDate "2025.08.26"]

1. d4 Nf6 2. c4 Nc6 3. Nf3 e6 4. Nc3 Bb4 5. Bg5 h6 6. Bh4 g5 7. Bg3 Ne4 8. Qc2
d5 9. e3 h5 10. h4 g4 11. Ne5 Bxc3+ 12. bxc3 Nxg3 13. Nxc6 bxc6 14. fxg3 Qd6 15.
Kf2 Rh6 16. c5 Rf6+ 17. Ke1 Qxg3+ 18. Kd1 Qxe3 19. Rc1 Rb8 20. Qd2 Qxd2+ 21.
Kxd2 Rb2+ 22. Rc2 Rf2+ 0-1

[Event "Titled Tue 26th Aug Late"]
[Site "chess.com INT"]
[Date "2025.08.26"]
[Round "1"]
[White "Romero Ruscalleda, Josep"]
[Black "Palczert, Matyas"]
[Result "0-1"]
[WhiteTitle "FM"]
[BlackTitle "FM"]
[WhiteElo "2110"]
[BlackElo "2427"]
[WhiteFideId "2231859"]
[BlackFideId "784958"]
[EventDate "2025.08.26"]

1. e4 e5 2. Nf3 Nc6 3. Bc4 Bc5 4. O-O Nf6 5. d4 exd4 6. e5 d5 7. exf6 dxc4 8.
fxg7 Rg8 9. Re1+ Be6 10. Bg5 Qd7 11. Nbd2 Be7 12. Ne4 Rxg7 13. Nf6+ Bxf6 14.
Bxf6 Rg6 15. Bxd4 O-O-O 16. Be3 Bd5 17. Qe2 Rxg2+ 18. Kf1 Qh3 19. Ng1 Rxg1+ 0-1

[Event "Titled Tue 26th Aug Late"]
[Site "chess.com INT"]
[Date "2025.08.26"]
[Round "1"]
[White "Kravtsiv, Martyn"]
[Black "Tureshbayev, Anuar"]
[Result "1-0"]
[WhiteTitle "GM"]
[BlackTitle "CM"]
[WhiteElo "2598"]
[BlackElo "2214"]
[WhiteFideId "14113147"]
[BlackFideId "651081709"]
[EventDate "2025.08.26"]

1. e4 c5 2. Nc3 g6 3. d4 cxd4 4. Qxd4 Nf6 5. Bg5 Nc6 6. Qd2 Bg7 7. Bh6 O-O 8. h4
Qa5 9. Bxg7 Kxg7 10. O-O-O h5 11. Nf3 d6 12. Ng5 Be6 13. a3 Rfc8 14. f4 Bg4 15.
Re1 e5 16. Bc4 Nb4 17. Bxf7 Rxc3 18. Qxc3 1-0

[Event "Titled Tue 26th Aug Late"]
[Site "chess.com INT"]
[Date "2025.08.26"]
[Round "1"]
[White "Aalto, Patrik"]
[Black "Andreikin, Dmitry"]
[Result "0-1"]
[WhiteTitle "FM"]
[BlackTitle "GM"]
[WhiteElo "2335"]
[BlackElo "2695"]
[WhiteFideId "510726"]
[BlackFideId "4158814"]
[EventDate "2025.08.26"]

1. c4 Nf6 2. g3 g6 3. Bg2 Bg7 4. d4 O-O 5. Nc3 d6 6. Nf3 Nbd7 7. O-O e5 8. e4
Re8 9. h3 c6 10. Re1 a5 11. Be3 exd4 12. Nxd4 Nc5 13. Bf4 a4 14. Qd2 Qe7 15.
Rad1 Nfd7 16. Nf3 Ne5 17. Nxe5 dxe5 18. Be3 Be6 19. Qe2 Red8 20. Kh2 Rd4 21.
Bxd4 exd4 22. Nd5 Qd8 23. Nf4 Qa5 24. Nxe6 fxe6 25. e5 Rd8 26. f4 Qb4 27. a3 Qb3
28. Qf2 Nd3 29. Rxd3 Qxd3 30. Bf1 Qb3 31. Rd1 Qxd1 0-1

[Event "Titled Tue 26th Aug Late"]
[Site "chess.com INT"]
[Date "2025.08.26"]
[Round "1"]
[White "Amirkul, Alimzhan"]
[Black "Chelly, Yahya"]
[Result "1-0"]
[WhiteTitle "FM"]
[BlackTitle "CM"]
[WhiteElo "2242"]
[BlackElo "1949"]
[WhiteFideId "13718428"]
[BlackFideId "5516200"]
[EventDate "2025.08.26"]

1. e4 c6 2. d4 d5 3. e5 Bf5 4. h4 h5 5. Bd3 Bxd3 6. Qxd3 e6 7. Bg5 Qb6 8. b3 c5
9. Nf3 cxd4 10. Nxd4 Nc6 11. Nxc6 Qxc6 12. O-O Rc8 13. Rc1 b5 14. a4 b4 15. c3
Qb7 16. c4 dxc4 17. Rxc4 Rxc4 18. Qxc4 Ne7 19. Nd2 Nd5 20. Ne4 Be7 21. Bxe7 Kxe7
22. Rc1 Rd8 23. Qc5+ Kd7 24. Nd6 Nf4 25. Nxb7 1-0

[Event "Titled Tue 26th Aug Late"]
[Site "chess.com INT"]
[Date "2025.08.26"]
[Round "1"]
[White "Beulen, Marcel"]
[Black "Reprintsev, Alexander"]
[Result "0-1"]
[WhiteTitle "FM"]
[BlackTitle "IM"]
[WhiteElo "2359"]
[BlackElo "2256"]
[WhiteFideId "1001450"]
[BlackFideId "14100541"]
[EventDate "2025.08.26"]

1. e4 d5 2. exd5 Qxd5 3. Nc3 Qa5 4. Bc4 Nf6 5. Nge2 Nc6 6. O-O Bg4 7. d3 e6 8.
Bd2 O-O-O 9. a3 Nd4 10. f3 Nxe2+ 11. Nxe2 Qb6+ 12. Kh1 Bf5 13. Ng3 Bg6 14. b4 h5
15. Qe2 h4 16. Be3 hxg3 17. Bxb6 Rxh2+ 18. Kg1 axb6 19. f4 Bc5+ 20. bxc5 Rdh8
21. Bxe6+ fxe6 22. Qxe6+ Kb8 23. Qh3 R8xh3 24. gxh3 bxc5 25. f5 Bf7 26. Rf3 Bd5
27. Rxg3 Rh1+ 0-1

[Event "Titled Tue 26th Aug Late"]
[Site "chess.com INT"]
[Date "2025.08.26"]
[Round "1"]
[White "Szpar, Milosz"]
[Black "Jasinski, Alexander"]
[Result "1-0"]
[WhiteTitle "GM"]
[WhiteElo "2490"]
[BlackElo "2063"]
[WhiteFideId "1184989"]
[BlackFideId "55627994"]
[EventDate "2025.08.26"]

1. e4 c5 2. c3 Nf6 3. e5 Nd5 4. Nf3 Nc6 5. d4 cxd4 6. Bc4 Nb6 7. Bb3 d6 8. exd6
Qxd6 9. O-O e6 10. cxd4 Be7 11. Nc3 Bd7 12. Re1 O-O 13. a3 Bf6 14. Ne4 Qe7 15.
Nxf6+ Qxf6 16. Bg5 Qf5 17. Bc2 Qb5 18. Ne5 Nxe5 19. dxe5 Bc6 20. Qh5 h6 21. Bxh6
gxh6 22. Qxh6 f5 23. Qg6+ Kh8 24. Re3 Bxg2 25. Qh5+ Kg8 26. Rg3# 1-0

[Event "Titled Tue 26th Aug Late"]
[Site "chess.com INT"]
[Date "2025.08.26"]
[Round "1"]
[White "Pereyra, Horacio"]
[Black "Yeganegi, Barad"]
[Result "0-1"]
[BlackTitle "FM"]
[WhiteElo "2133"]
[BlackElo "2400"]
[WhiteFideId "113700"]
[BlackFideId "42516340"]
[EventDate "2025.08.26"]

1. d4 Nf6 2. Nc3 c5 3. dxc5 Qa5 4. Qd3 e6 5. e4 Bxc5 6. Be2 d5 7. e5 Nfd7 8. Bd2
Nxe5 9. Qg3 Nc4 10. Bxc4 dxc4 11. Qxg7 Rf8 12. Ne4 Qb6 13. O-O-O Bd4 14. Nf6+
Ke7 15. Bg5 Qxb2+ 16. Kd2 Bxf6 17. Bxf6+ Qxf6 18. Qxf6+ Kxf6 19. Nf3 Nc6 20. Ke3
e5 21. h3 Be6 22. g4 Rfd8 23. g5+ Ke7 24. h4 Rxd1 25. Rxd1 Bg4 26. Rb1 b6 27.
Nd2 Be6 28. Ne4 Nd4 29. c3 Nf5+ 30. Ke2 Rd8 31. Nf6 Nxh4 32. Nxh7 Bg4+ 33. Ke3
Rd3+ 34. Ke4 Bf5+ 35. Kxe5 Bxh7 0-1

[Event "Titled Tue 26th Aug Late"]
[Site "chess.com INT"]
[Date "2025.08.26"]
[Round "1"]
[White "Drygalov, Andrey"]
[Black "Venkatesh, Narayan"]
[Result "1-0"]
[WhiteTitle "GM"]
[BlackTitle "FM"]
[WhiteElo "2431"]
[BlackElo "2218"]
[WhiteFideId "24171735"]
[BlackFideId "30987881"]
[EventDate "2025.08.26"]

1. e4 g6 2. d4 Bg7 3. Nc3 d6 4. f4 Nf6 5. Nf3 O-O 6. Bd3 c5 7. dxc5 dxc5 8. e5
Nd5 9. Nxd5 Qxd5 10. Qe2 Nc6 11. c3 Bf5 12. Bxf5 gxf5 13. O-O Rfd8 14. Be3 b6
15. Rfd1 Qe4 16. Ng5 Qa4 17. b3 Qa5 18. Qh5 Qxc3 19. Qxf7+ Kh8 20. Bf2 h6 21.
Ne6 Rg8 22. Qxf5 Bf8 23. Qe4 Rc8 24. Rac1 Qb2 25. Rc2 Qa3 26. Rcd2 c4 27. bxc4
Qh3 28. Nxf8 Qg4 29. Qh7# 1-0

[Event "Titled Tue 26th Aug Late"]
[Site "chess.com INT"]
[Date "2025.08.26"]
[Round "1"]
[White "Grot, Blazej"]
[Black "Rossi, Maximiliano"]
[Result "1-0"]
[WhiteTitle "CM"]
[WhiteElo "2207"]
[BlackElo "2013"]
[WhiteFideId "21835845"]
[BlackFideId "113425"]
[EventDate "2025.08.26"]

1. e4 e6 2. d4 d5 3. Nc3 dxe4 4. Nxe4 Bd7 5. Nf3 Bc6 6. Bd3 Bxe4 7. Bxe4 c6 8.
O-O Nf6 9. Qe2 g6 10. c3 Bg7 11. a4 O-O 12. a5 Qc7 13. Bc2 Nbd7 14. b4 b5 15.
Bb3 Nd5 16. Bd2 a6 17. Rfe1 Rfe8 18. Rac1 Bf8 19. h4 Bd6 20. h5 Bf4 21. hxg6
hxg6 22. g3 Bxd2 23. Qxd2 Kg7 24. Kg2 Rh8 25. Rh1 N7f6 26. Ne5 Nd7 27. Nd3 Qd8
28. Bxd5 cxd5 29. Qf4 Rc8 30. Rxh8 Qxh8 31. Rh1 1-0

[Event "Titled Tue 26th Aug Late"]
[Site "chess.com INT"]
[Date "2025.08.26"]
[Round "1"]
[White "Lisenkov, Svyatoslav"]
[Black "Babiarz, Arkadiusz"]
[Result "1-0"]
[WhiteTitle "FM"]
[BlackTitle "CM"]
[WhiteElo "2343"]
[BlackElo "2172"]
[WhiteFideId "34264183"]
[BlackFideId "21804362"]
[EventDate "2025.08.26"]

1. e4 e5 2. Nc3 Nf6 3. Bc4 Nc6 4. d3 Na5 5. Nge2 Nxc4 6. dxc4 c6 7. Ng3 d6 8. h3
Be7 9. O-O O-O 10. b3 Re8 11. a4 Bf8 12. Ba3 Qc7 13. Qf3 Be6 14. Rad1 Rad8 15.
Rfe1 Nd7 16. Nf5 Bxf5 17. exf5 Nf6 18. g4 Nd7 19. g5 f6 20. g6 h6 21. Rd2 Nc5
22. Bxc5 dxc5 23. Red1 Rd4 24. Ne4 Red8 25. c3 Rxd2 26. Rxd2 Rxd2 27. Nxd2 a6
28. Ne4 b5 29. axb5 cxb5 30. cxb5 axb5 31. Qd3 Qc6 32. c4 bxc4 33. Qxc4+ Kh8 34.
Qf7 Qc8 35. Nxf6 1-0

[Event "Titled Tue 26th Aug Late"]
[Site "chess.com INT"]
[Date "2025.08.26"]
[Round "1"]
[White "Garcia Hernandez, Rebeca"]
[Black "Hua, Lefong"]
[Result "0-1"]
[WhiteTitle "WCM"]
[BlackTitle "FM"]
[WhiteElo "1943"]
[BlackElo "2305"]
[WhiteFideId "5180872"]
[BlackFideId "2602253"]
[EventDate "2025.08.26"]

1. d4 Nf6 2. c4 c5 3. d5 e6 4. Nc3 exd5 5. cxd5 d6 6. e4 g6 7. h3 Bg7 8. Nf3 a6
9. a4 Nbd7 10. Bd3 Nh5 11. O-O Ne5 12. Be2 Nxf3+ 13. Bxf3 Qh4 14. Bxh5 gxh5 15.
Be3 Rg8 16. g3 Be5 17. Qf3 Bxg3 18. fxg3 Rxg3+ 19. Kf2 Rxh3+ 20. Ke2 Bg4 0-1

[Event "Titled Tue 26th Aug Late"]
[Site "chess.com INT"]
[Date "2025.08.26"]
[Round "1"]
[White "Sarana, Alexey"]
[Black "Brilej, Jaka"]
[Result "1-0"]
[WhiteTitle "GM"]
[BlackTitle "FM"]
[WhiteElo "2691"]
[BlackElo "2334"]
[WhiteFideId "24133795"]
[BlackFideId "14618818"]
[EventDate "2025.08.26"]

1. d4 Nf6 2. c4 e6 3. Nc3 Bb4 4. Qc2 d6 5. e4 Nbd7 6. Bd3 e5 7. Ne2 O-O 8. a3
Bxc3+ 9. bxc3 c5 10. d5 Re8 11. f3 Nf8 12. g4 h5 13. h3 Ng6 14. Bg5 h4 15. O-O
Qc7 16. Bxf6 gxf6 17. f4 Kg7 18. Kh2 Qd8 19. Rf2 b6 20. Raf1 Re7 21. Qd2 Qh8 22.
fxe5 fxe5 23. Qg5 Ba6 24. Rf6 Rae8 25. Rxd6 Qh6 26. Qf6+ Kg8 27. Rf5 Qe3 28. Rf3
Qd2 29. Qf5 Bc8 30. Qh5 Kg7 31. g5 Rh8 32. Rxf7+ Rxf7 33. Qxg6+ Kf8 34. Rd8+ Ke7
35. Qd6# 1-0

[Event "Titled Tue 26th Aug Late"]
[Site "chess.com INT"]
[Date "2025.08.26"]
[Round "1"]
[White "Arkadan, Adib"]
[Black "Henriquez Villagra, Cristobal"]
[Result "0-1"]
[WhiteTitle "CM"]
[BlackTitle "GM"]
[WhiteElo "2215"]
[BlackElo "2592"]
[WhiteFideId "5304946"]
[BlackFideId "3409350"]
[EventDate "2025.08.26"]

1. d3 b6 2. e4 Bb7 3. f4 d5 4. e5 d4 5. Nf3 e6 6. Be2 c5 7. c4 dxc3 8. bxc3 Nc6
9. O-O Be7 10. Be3 Nh6 11. Nbd2 Ng4 12. Bf2 Nxf2 13. Rxf2 O-O 14. Ne4 f5 15.
Neg5 Qd7 16. Qb3 Bxg5 17. Nxg5 Rae8 18. d4 Na5 19. Qb5 Bc6 20. Qd3 cxd4 21. cxd4
Rd8 22. Rd1 h6 23. Nf3 Be4 24. Qe3 Qa4 25. g4 Nc4 26. Qb3 Qxb3 27. axb3 Ne3 28.
Ra1 fxg4 29. Nd2 Rxd4 30. Nxe4 Rxe4 31. Rxa7 Rexf4 32. Rxf4 Rxf4 33. Re7 Nf5 34.
Rb7 Rb4 35. Bc4 Nd4 36. Rd7 Nf3+ 37. Kg2 Nxe5 38. Bxe6+ Kf8 39. Rb7 h5 40. Kg3
Nf3 41. Rf7+ Ke8 42. Rxg7 Nd4 43. Bc4 Nf5+ 0-1

[Event "Titled Tue 26th Aug Late"]
[Site "chess.com INT"]
[Date "2025.08.26"]
[Round "1"]
[White "Gasparyan, David"]
[Black "Ciocan, Maria-Alexandra"]
[Result "1-0"]
[BlackTitle "WCM"]
[WhiteElo "2194"]
[BlackElo "1998"]
[WhiteFideId "13311980"]
[BlackFideId "1227130"]
[EventDate "2025.08.26"]

1. Nf3 Nf6 2. b3 g6 3. Bb2 Bg7 4. e4 d6 5. Be2 O-O 6. d3 e5 7. Nbd2 h6 8. h3 Be6
9. Nc4 b5 10. Ne3 Nbd7 11. g4 c6 12. Qd2 Qc7 13. O-O d5 14. exd5 Nxd5 15. Nxd5
cxd5 16. Rfe1 Rac8 17. Rac1 d4 18. Bf1 Bd5 19. Bg2 Qd6 20. Qe2 b4 21. Nd2 Bxg2
22. Kxg2 f5 23. gxf5 gxf5 24. Nc4 Qd5+ 25. Qf3 Qf7 26. Kh1 Qg6 27. Rg1 Qf6 28.
Qd5+ Kh7 29. Qxd7 Rcd8 30. Qb7 Qh4 31. Qxg7# 1-0

[Event "Titled Tue 26th Aug Late"]
[Site "chess.com INT"]
[Date "2025.08.26"]
[Round "1"]
[White "Baches Garcia, Guillermo"]
[Black "Livaic, Leon"]
[Result "0-1"]
[WhiteTitle "IM"]
[BlackTitle "GM"]
[WhiteElo "2305"]
[BlackElo "2550"]
[WhiteFideId "2209764"]
[BlackFideId "14531534"]
[EventDate "2025.08.26"]

1. Nf3 d6 2. d4 Nf6 3. c4 g6 4. Nc3 Bg7 5. e4 Bg4 6. Be2 Bxf3 7. Bxf3 e5 8. dxe5
dxe5 9. Qxd8+ Kxd8 10. Bg5 c6 11. O-O-O+ Kc7 12. Rd2 Nbd7 13. Rhd1 h6 14. Be3 h5
15. h3 Bh6 16. Bxh6 Rxh6 17. b4 Nf8 18. c5 Ne6 19. Be2 a5 20. a3 axb4 21. axb4
Ra1+ 22. Kb2 Rxd1 23. Bxd1 Nd4 24. f4 Nd7 25. fxe5 Ne6 26. Bb3 g5 27. Ne2 Nxe5
28. Ng3 Ng7 29. Rf2 Nd3+ 0-1

[Event "Titled Tue 26th Aug Late"]
[Site "chess.com INT"]
[Date "2025.08.26"]
[Round "1"]
[White "Tarhan, Adar"]
[Black "Dessyn, Timothee"]
[Result "1-0"]
[WhiteTitle "IM"]
[BlackTitle "FM"]
[WhiteElo "2474"]
[BlackElo "2334"]
[WhiteFideId "34544712"]
[BlackFideId "651028859"]
[EventDate "2025.08.26"]

1. e4 c5 2. Nf3 g6 3. c3 d5 4. e5 a6 5. h3 Nc6 6. d4 Bg7 7. Be2 f6 8. exf6 Nxf6
9. dxc5 O-O 10. O-O e5 11. Bg5 Be6 12. Nbd2 Qc7 13. Bh4 Rae8 14. Bg3 Nh5 15. Bh2
Nf4 16. Re1 Qe7 17. Bf1 Qxc5 18. Qb3 e4 19. Ng5 Nxg2 20. Bxg2 Qxf2+ 21. Kh1 Qxd2
22. Nxe6 Rxe6 23. Rad1 Qg5 24. Rxd5 Qh4 25. Rdd1 Qe7 26. Rxe4 Rf6 27. Rxe6 Rxe6
28. Qxe6+ Qxe6 29. Bd5 Kf7 30. Bxe6+ Kxe6 31. Rd6+ Ke7 32. Rd3 Ke6 33. Kg2 h5
34. Rd6+ Kf5 35. Rd7 1-0

[Event "Titled Tue 26th Aug Late"]
[Site "chess.com INT"]
[Date "2025.08.26"]
[Round "1"]
[White "Tica, Sven"]
[Black "Garg, Priyansh"]
[Result "1-0"]
[WhiteTitle "IM"]
[WhiteElo "2442"]
[BlackElo "2129"]
[WhiteFideId "14526948"]
[BlackFideId "30984696"]
[EventDate "2025.08.26"]

1. Nf3 Nf6 2. g3 d5 3. Bg2 g6 4. d4 Bg7 5. O-O O-O 6. c4 e6 7. Bf4 b6 8. Qc2 Bb7
9. cxd5 Nxd5 10. Bg5 Qd7 11. Rc1 Nc6 12. a3 Nxd4 13. Nxd4 Bxd4 14. Rd1 e5 15. e3
Qg4 16. Bh6 Bxb2 17. Ra2 Rad8 18. Rd2 Bxa3 19. Rxa3 Rfe8 20. Rxa7 Ba8 21. Rxa8
Rxa8 22. Bxd5 Rac8 23. Qb3 Qf5 24. e4 Qf6 25. Rd3 c6 26. Rf3 cxd5 27. Rxf6 Rc1+
28. Bxc1 d4 29. Qxf7+ 1-0

[Event "Titled Tue 26th Aug Late"]
[Site "chess.com INT"]
[Date "2025.08.26"]
[Round "1"]
[White "Ozcan, Kaan"]
[Black "Ugarte Soto, Cesar"]
[Result "1-0"]
[WhiteTitle "FM"]
[BlackTitle "CM"]
[WhiteElo "2223"]
[BlackElo "2088"]
[WhiteFideId "34566422"]
[BlackFideId "3601331"]
[EventDate "2025.08.26"]

1. Nf3 Nf6 2. a3 g6 3. d4 Bg7 4. g3 d6 5. Bg2 Nbd7 6. O-O O-O 7. b4 a5 8. Bb2
axb4 9. axb4 Rxa1 10. Bxa1 Nd5 11. Qd2 c5 12. bxc5 dxc5 13. e4 N5f6 14. e5 Nd5
15. c4 N5b6 16. dxc5 Nxc5 17. Qb4 Qc7 18. Bd4 Ncd7 19. Nbd2 Rd8 20. Re1 e6 21.
h4 Bf8 22. Qb3 Bc5 23. Ba1 Nb8 24. Ne4 Be7 25. Nf6+ Kg7 26. Qe3 h6 27. h5 Nxc4
28. Qf4 Nc6 29. Qxc4 b5 30. Qc2 Qa7 31. Qxc6 1-0

[Event "Titled Tue 26th Aug Late"]
[Site "chess.com INT"]
[Date "2025.08.26"]
[Round "1"]
[White "Steinberg, Nitzan"]
[Black "Krzywda, Andrzej"]
[Result "1-0"]
[WhiteTitle "GM"]
[BlackTitle "CM"]
[WhiteElo "2554"]
[BlackElo "2149"]
[WhiteFideId "2801795"]
[BlackFideId "1114565"]
[EventDate "2025.08.26"]

1. Nf3 Nf6 2. g3 b6 3. Bg2 Bb7 4. c4 c5 5. Nc3 g6 6. O-O Bg7 7. d4 cxd4 8. Nxd4
Bxg2 9. Kxg2 Qc8 10. b3 O-O 11. Bb2 Qb7+ 12. Nf3 d6 13. Qd2 Nbd7 14. Rac1 Nc5
15. Rfd1 Rfe8 16. h3 Rad8 17. Nd5 Nfe4 18. Qc2 e6 19. Bxg7 Kxg7 20. Qb2+ Kg8 21.
Nf6+ Nxf6 22. Qxf6 Ne4 23. Qf4 Qc6 24. h4 h5 25. Rd4 Nc5 26. Qh6 e5 27. Rd5 Ne6
28. Rcd1 Rd7 29. Kg1 Red8 30. Qd2 Nc7 31. Nxe5 dxe5 32. Rxd7 Re8 33. Qd6 Qxd6
34. R1xd6 Rc8 35. Rd8+ Rxd8 36. Rxd8+ Kg7 37. Rd7 Ne6 38. Rxa7 Nd4 39. Kf1 1-0

[Event "Titled Tue 26th Aug Late"]
[Site "chess.com INT"]
[Date "2025.08.26"]
[Round "1"]
[White "Storey, Charles H"]
[Black "Adharsh K"]
[Result "0-1"]
[WhiteTitle "FM"]
[BlackTitle "FM"]
[WhiteElo "2095"]
[BlackElo "2346"]
[WhiteFideId "406686"]
[BlackFideId "25718207"]
[EventDate "2025.08.26"]

1. c4 e6 2. g3 d5 3. Bg2 Nf6 4. Nf3 Be7 5. O-O O-O 6. d4 dxc4 7. Qc2 a6 8. a4
Bd7 9. Qxc4 Bc6 10. Nc3 Nbd7 11. Bf4 Bd6 12. Bxd6 cxd6 13. Qd3 d5 14. Rfc1 Qa5
15. Ne5 Nxe5 16. dxe5 Nd7 17. Qd4 Rac8 18. b4 Qb6 19. Qxb6 Nxb6 20. b5 Bd7 21.
e4 d4 22. Ne2 Rxc1+ 23. Rxc1 d3 24. Nd4 Nxa4 25. Rd1 Nc5 26. Bf1 Bxb5 27. Nxb5
axb5 28. Bxd3 Rd8 29. Bc2 Rxd1+ 30. Bxd1 Nxe4 31. Kf1 b4 32. Ke1 Kf8 33. Bf3 Nc5
34. Kd2 f6 35. exf6 gxf6 36. Bd1 Ke7 37. f4 e5 38. f5 Kd6 39. g4 Kd5 40. Ke3 e4
41. g5 fxg5 42. f6 Ke6 43. Kd4 b6 44. Kc4 b3 45. Kb5 b2 46. Bc2 e3 0-1

[Event "Titled Tue 26th Aug Late"]
[Site "chess.com INT"]
[Date "2025.08.26"]
[Round "1"]
[White "Svane, Rasmus"]
[Black "Mikhalsky, Vladimir"]
[Result "1-0"]
[WhiteTitle "GM"]
[WhiteElo "2619"]
[BlackElo "2219"]
[WhiteFideId "4657101"]
[BlackFideId "14144352"]
[EventDate "2025.08.26"]

1. Nf3 c5 2. c4 Nf6 3. Nc3 d5 4. cxd5 Nxd5 5. e3 g6 6. Bb5+ Nc6 7. Ne5 Qd6 8.
Nc4 Qe6 9. O-O Bd7 10. d4 cxd4 11. exd4 Nxc3 12. bxc3 Qd5 13. Rb1 Bg7 14. a4 O-O
15. Ne3 Qe4 16. Bd3 Qh4 17. Rxb7 Bc8 18. Rc7 Na5 19. Ba3 Bf6 20. Nd5 Bg4 21. Qe1
Rfe8 22. f3 Qxe1 23. Rxe1 Be6 24. Nxf6+ exf6 25. d5 Bxd5 26. Rxe8+ Rxe8 27. Rc5
Rd8 28. Rxa5 Bxf3 29. Bf1 Be4 30. Rxa7 h5 31. Be7 Rd1 32. Bxf6 Kh7 33. Rxf7+ Kh6
34. h4 g5 35. Bxg5+ Kg6 36. Rf6+ Kg7 37. Kh2 Bd5 38. Rd6 1-0

[Event "Titled Tue 26th Aug Late"]
[Site "chess.com INT"]
[Date "2025.08.26"]
[Round "1"]
[White "Ibarra Jerez, Jose Carlos"]
[Black "Sahbudak, Baris Cinar"]
[Result "1-0"]
[WhiteTitle "GM"]
[BlackTitle "CM"]
[WhiteElo "2545"]
[BlackElo "2182"]
[WhiteFideId "2226332"]
[BlackFideId "26351633"]
[EventDate "2025.08.26"]

1. e4 c5 2. Nf3 d6 3. c3 Nf6 4. h3 g6 5. Bd3 Bg7 6. Bc2 O-O 7. O-O Nc6 8. d4
cxd4 9. cxd4 d5 10. e5 Ne4 11. Nc3 Nxc3 12. bxc3 Qc7 13. Re1 Be6 14. Ng5 Nd8 15.
Qf3 h6 16. Nxe6 Nxe6 17. Bb3 Rfd8 18. Bxd5 Rxd5 19. Qxd5 Qxc3 20. Be3 Rd8 21.
Qxb7 Nxd4 22. Bxd4 Qxd4 23. Qxe7 Rd7 24. Qe8+ Kh7 25. Rad1 Qxd1 26. Rxd1 Rxd1+
27. Kh2 Re1 28. f4 g5 29. g3 Re2+ 30. Kg1 gxf4 31. gxf4 Kg6 32. Qb5 Re4 33. Qd3
Kf5 34. Kf2 Kxf4 35. Qg3+ Kf5 36. Qxg7 Rf4+ 37. Kg3 1-0